Impuesto sobre los bienes personales (Registro nro. 6837)

Detalles MARC
000 -LEADER
fixed length control field 01175 a2200241 4500
001 - CONTROL NUMBER
control field 59909
005 - DATE AND TIME OF LATEST TRANSACTION
control field 20260407155852.0
008 - FIXED-LENGTH DATA ELEMENTS--GENERAL INFORMATION
fixed length control field 260407a2022 arg spa d
003 - CONTROL NUMBER IDENTIFIER
control field AR-UNSa-BCEJYS
040 ## - CATALOGING SOURCE
Original cataloging agency AR-UNSa-BCEJYS
Language of cataloging spa
Transcribing agency AR-UNSa-BCEJYS
080 ## - UNIVERSAL DECIMAL CLASSIFICATION NUMBER
Universal Decimal Classification number 336.226
Common auxiliary subdivision Tipos de impuestos. Impuestos directos e indirectos<br/>
020 ## - INTERNATIONAL STANDARD BOOK NUMBER
International Standard Book Number 978-987-01-2915-8
041 ## - LANGUAGE CODE
Language code of text/sound track or separate title spa
100 1# - MAIN ENTRY--PERSONAL NAME
Personal name Gebhardt, Jorge
245 10 - TITLE STATEMENT
Title Impuesto sobre los bienes personales
250 ## - EDITION STATEMENT
Edition statement 3a. ed.
264 #1 - PRODUCTION, PUBLICATION, DISTRIBUTION, MANUFACTURE, AND COPYRIGHT NOTICE
Place of production, publication, distribution, manufacture Buenos Aires :
Name of producer, publisher, distributor, manufacturer Errepar
Date of production, publication, distribution, manufacture, or copyright notice 2022
300 ## - PHYSICAL DESCRIPTION
Extent xxviii, 458 p.
Dimensions 21 cm.
505 ## - FORMATTED CONTENTS NOTE
Formatted contents note 1. Conceptos generales - 2. La imposición sobre el patrimonio de las empresas – 3. Las personas humanas – 4. Caracteristicas de los impuestos – 5. Objeto del impuesto – 6. Sujetos del tributo – 7. Exenciones – 8. Base imponible – 9. Tributaciones de acciones, participaciones empresarias y fideicomisos no financieros – 10. Minimo no imponible, tasas y pagos a cuenta por gravámenes abonados en el exterior.
590 ## - LOCAL NOTE (RLIN)
Local note niveau_biblio:m niveau_hierar:0
856 41 - ELECTRONIC LOCATION AND ACCESS
Uniform Resource Identifier <a href="https://biblioeco.unsa.edu.ar/pmb/images/libros/L129075.jpg">https://biblioeco.unsa.edu.ar/pmb/images/libros/L129075.jpg</a>
Link text Imagen de portada
Electronic format type image/jpeg
942 ## - ADDED ENTRY ELEMENTS (KOHA)
Koha item type
Existencias
Withdrawn status Lost status Damaged status Not for loan Home library Current library Shelving location Date acquired Total checkouts Full call number Barcode Date last seen Price effective from Koha item type
        Biblioteca Prof. Eusebio Cleto del Rey Biblioteca Prof. Eusebio Cleto del Rey   07/04/2026   336.226 G293 3ed. L129075 07/04/2026 07/04/2026 Libro